Kumbhal Garh : (Record no. 131330)
[ view plain ]
| 000 -LEADER | |
|---|---|
| fixed length control field | 00787nam a22002537a 4500 |
| 003 - CONTROL NUMBER IDENTIFIER | |
| control field | dpl |
| 005 - DATE AND TIME OF LATEST TRANSACTION | |
| control field | 20180523144324.0 |
| 008 - FIXED-LENGTH DATA ELEMENTS--GENERAL INFORMATION | |
| fixed length control field | 180523b xxu||||| |||| 00| 0 eng d |
| 010 ## - LIBRARY OF CONGRESS CONTROL NUMBER | |
| LC control number | B-181210 |
| 020 B# - INTERNATIONAL STANDARD BOOK NUMBER | |
| Terms of availability | 150.00 |
| 035 ## - SYSTEM CONTROL NUMBER | |
| System control number | B-181210, A-997975 |
| 037 ## - SOURCE OF ACQUISITION | |
| Source of stock number/acquisition | Cen Lib/Ret |
| 040 ## - CATALOGING SOURCE | |
| Original cataloging agency | DPL |
| Language of cataloging | EN |
| Transcribing agency | 0 |
| 082 ## - DEWEY DECIMAL CLASSIFICATION NUMBER | |
| Classification number | 954.42 |
| Item number | ASA |
| 100 ## - MAIN ENTRY--PERSONAL NAME | |
| Personal name | Asawa, Gouri Shankar |
| 9 (RLIN) | 26892 |
| 245 ## - TITLE STATEMENT | |
| Title | Kumbhal Garh : |
| Statement of responsibility, etc | by Gouri Shankar Asawa |
| Remainder of title | the invincible fort / |
| 260 ## - PUBLICATION, DISTRIBUTION, ETC. (IMPRINT) | |
| Place of publication, distribution, etc | Jodhpur |
| Name of publisher, distributor, etc | Books Treasure |
| Date of publication, distribution, etc | 2002 |
| 270 ## - ADDRESS | |
| Address | Sojati Gate |
| City | Jodhpur |
| 300 ## - PHYSICAL DESCRIPTION | |
| Extent | 53p. : |
| Dimensions | 21cm(Hb) |
| Other physical details | ill. |
| 500 ## - GENERAL NOTE | |
| General note | Includes bibliographical reference |
| 650 ## - SUBJECT ADDED ENTRY--TOPICAL TERM | |
| Topical term or geographic name as entry element | India--Kumbhalagar̥ha |
| 9 (RLIN) | 31498 |
| 650 ## - SUBJECT ADDED ENTRY--TOPICAL TERM | |
| Topical term or geographic name as entry element | India--Kumbhalagar̥ha--Kumbhalgarh Fort |
| 9 (RLIN) | 31499 |
| 942 ## - ADDED ENTRY ELEMENTS (KOHA) | |
| Source of classification or shelving scheme | Dewey Decimal Classification |
| Koha item type | English Books |
| Classification part | 954.42 |
| Call number suffix | ASA |
| Withdrawn status | Lost status | Damaged status | Not for loan | Home library | Current library | Date acquired | Source of acquisition | Cost, normal purchase price | Total Checkouts | Total Renewals | Full call number | Barcode | Date last seen | Date checked out | Copy number | Cost, replacement price | Price effective from | Koha item type | Source of classification or shelving scheme | Collection code |
|---|---|---|---|---|---|---|---|---|---|---|---|---|---|---|---|---|---|---|---|---|
| Central Library | Central Library | 14/07/2015 | Cen Lib/Ret | 150.00 | 4 | 2 | 954.42 ASA | B-181210 | 26/08/2023 | 16/08/2023 | 1 | 150.00 | 14/07/2015 | English Books | ||||||
| Central Library | Central Library | 03/11/2016 | 150.00 | 2 | 954.42 ASA | A-997971 | 19/03/2021 | 08/03/2021 | 2 | 150.00 | 03/11/2016 | English Books | Dewey Decimal Classification | |||||||
| Shahdara Branch | Shahdara Branch | 23/05/2018 | BPPD/PUB | 150.00 | 954.42 ASA | A-997975 | 23/05/2018 | 150.00 | 23/05/2018 | English Books | Dewey Decimal Classification | Non-fiction |
